000 01988nam0a22003371 4500
001 rc\3369681
005 20130115153205.2
021 _aRU
_b69-100503
021 _aRU
_bРг789-70
035 _a(NLR Aleph) 007446527
090 _a7171088
_c7171088
100 _a20130115d1969 |||y0rusy50 ca
101 0 _arus
102 _aRU
105 _ay z |||||
200 1 _aТезисы доклада на научно-исследовательской секции НТС 29 октября 1969 года по теме 010.9.02.817: "Разработка новых экспрессных методов химического анализа цементных материалов"
_fМПСМ СССР. Главниипроект. Гос. ордена Трудового Красного Знамени всесоюз. проектный и науч.-исслед. ин-т цементной пром-сти. Гипроцемент
210 _aЛенинград
_cБ. и.
_d[1969]
215 _a[1], 6 л.
_d29
300 _aНа 1-м л. авт.: к. х. н. Богданова И.В., Ситчикова В.А., инж. Сполис М.К., инж. Болотова А.Я.
309 _aОтпеч. множит. аппаратом
532 1 2 _aТезисы доклада на научно-исследовательской секции научно-технического совета 29 октября 1969 года по теме 010.9.02.817: "Разработка новых экспрессных методов химического анализа цементных материалов"
701 1 _aСполис
_bМ. К.
701 1 _aБолотова
_bА. Я.
701 1 _aСитчикова
_bВ. А.
701 1 _aБогданова
_bИ. В.
712 0 2 _a"Гипроцемент", ин-т
_cЛенинград
_3RU\NLR\AUTH\889917573
801 0 _aRU
_bNLR
_gpsbo
801 1 _aRU
_bELAR
_2rusmarc
852 _aNLR
_j69-8/1816
942 _cBOOK
980 _aNB